[Event "Paris Barreau 4th"]
[Site "Paris"]
[Date "2023.09.09"]
[Round "9"]
[White "Vlachos, Anatole"]
[Black "Lazo, Andrei"]
[Result "1-0"]
[WhiteElo "2430"]
[BlackElo "2212"]
[PlyCount "73"]
[EventDate "2023.09.03"]
[EventType "tourn"]
[EventRounds "9"]
[EventCountry "FRA"]
[EventCategory "4"]
[SourceTitle "EXT 2024"]
[Source "ChessBase"]
[SourceDate "2023.10.10"]
[SourceVersion "1"]
[SourceVersionDate "2023.10.10"]
[SourceQuality "1"]

1. Nf3 Nf6 2. g3 b5 3. a4 b4 4. Bg2 Bb7 5. 0-0 e6 6. d3 Be7 7. e4 d5 8. e5 Nfd7 9. h4 h6 10. h5 c5 11. Re1 Nc6 12. c4 d4 13. Bf4 Qc7 14. Nbd2 0-0-0 15. Ne4 Nf8 16. Nd6+ Bxd6 17. exd6 Qd7 18. a5 a6 19. Ne5 Nxe5 20. Rxe5 Qxd6 21. Rg5 Qe7 22. Bxb7+ Kxb7 23. Qf3+ Ka7 24. Rxg7 Nd7 25. Rxf7 Qxf7 26. Bb8+ Kxb8 27. Qxf7 e5 28. Re1 Rhf8 29. Qe7 Kc8 30. Rxe5 Nxe5 31. Qxc5+ Kb7 32. Qxe5 Rd7 33. Qe6 Rdf7 34. Qb6+ Kc8 35. Qxa6+ Kd7 36. Qa7+ Kc6 37. Qb6+ 1-0

[Event "Juvisy sur Orge (Women)"]
[Site "Juvisy sur Orge"]
[Date "2023.07.24"]
[Round "3"]
[White "Afraoui, Anaelle"]
[Black "Lazo, Andrei"]
[Result "1-0"]
[WhiteElo "2128"]
[BlackElo "2194"]
[PlyCount "97"]
[EventDate "2023.07.22"]
[EventType "tourn"]
[EventRounds "9"]
[EventCountry "FRA"]
[SourceTitle "CBM 215 Extra"]
[Source "ChessBase"]
[SourceDate "2023.09.30"]
[SourceVersion "1"]
[SourceVersionDate "2023.09.30"]
[SourceQuality "1"]

1. e4 e6 2. d4 d5 3. Nc3 Nf6 4. Bg5 dxe4 5. Nxe4 Be7 6. Bxf6 gxf6 7. Nf3 f5 8. Nc3 c6 9. Qd2 Nd7 10. g3 b5 11. Bg2 Bb7 12. 0-0 h5 13. h4 a6 14. Rad1 Rg8 15. Ne2 Qc7 16. Nf4 0-0-0 17. Qe3 Bd6 18. Ne5 Nxe5 19. dxe5 Bxe5 20. Rxd8+ Rxd8 21. Nd3 Bd4 22. Qg5 c5 23. Bxb7+ Kxb7 24. c3 f6 25. Qf4 Be5 26. Qf3+ Kb6 27. b4 Qc6 28. Qe3 f4 29. bxc5+ Kb7 30. Nxf4 Bxf4 31. Qxf4 e5 32. Qf5 Rd5 33. Qxh5 Rxc5 34. Qf7+ Kb6 35. Rd1 Rxc3 36. Qe7 Ka5 37. Qd8+ Ka4 38. h5 Qf3 39. h6 Qh5 40. Qd2 b4 41. Qd7+ Ka3 42. h7 e4 43. Qd8 e3 44. h8Q exf2+ 45. Kg2 Qe5 46. Qh4 Rc2 47. Qd3+ Rc3 48. Qxa6+ Kb2 49. Qxb4+ 1-0

[Event "Juvisy sur Orge 4th"]
[Site "Juvisy sur Orge"]
[Date "2022.07.27"]
[Round "5"]
[White "Bon, Michael"]
[Black "Lazo, Andrei"]
[Result "1-0"]
[WhiteElo "2413"]
[BlackElo "2234"]
[PlyCount "125"]
[EventDate "2022.07.23"]
[EventType "tourn"]
[EventRounds "9"]
[EventCountry "FRA"]
[EventCategory "5"]
[SourceTitle "CBM 209 Extra"]
[Source "ChessBase"]
[SourceDate "2022.09.30"]
[SourceVersion "1"]
[SourceVersionDate "2022.09.30"]
[SourceQuality "1"]

1. e4 e6 2. d4 d5 3. e5 c5 4. c3 Qb6 5. Nf3 Bd7 6. Bd3 Bb5 7. dxc5 Bxc5 8. b4 Be7 9. Be3 Qa6 10. Bc2 Bc4 11. a4 Nd7 12. Na3 f6 13. b5 Qa5 14. Nxc4 dxc4 15. Bd4 f5 16. Qe2 Rc8 17. Nd2 Qc7 18. Bb1 Bc5 19. Ba2 Bxd4 20. cxd4 Nb6 21. 0-0 c3 22. Rac1 Qd7 23. Nc4 Nxc4 24. Bxc4 Qxd4 25. Bxe6 Rc5 26. Bxg8 Rxg8 27. Qh5+ Ke7 28. Qxh7 Qd5 29. Qxf5 Qe6 30. Qf3 Rgc8 31. Qxb7+ R8c7 32. Qf3 c2 33. Qd3 Kf7 34. Rfe1 Rxe5 35. Re3 Rd5 36. Qe2 Qd7 37. Qf3+ Kg8 38. Ree1 Rd2 39. g3 g6 40. Kg2 Kg7 41. Re2 Rxe2 42. Qxe2 Qd5+ 43. Kg1 Qc5 44. a5 Kf7 45. Kg2 Kg7 46. h4 Qd5+ 47. Kh2 Qc5 48. b6 axb6 49. axb6 Qxb6 50. Rxc2 Rf7 51. Rd2 Qc5 52. Kg1 Re7 53. Qd1 Rf7 54. Re2 Kh7 55. Qe1 Rc7 56. Re5 Qa3 57. Kh2 Qf3 58. Qe3 Qf7 59. Kg2 Ra7 60. h5 gxh5 61. Qg5 Qb7+ 62. Kh2 Ra1 63. Re7+ 1-0

[Event "Juvisy sur Orge 4th"]
[Site "Juvisy sur Orge"]
[Date "2022.07.25"]
[Round "3"]
[White "Bouget, Alexandre"]
[Black "Lazo, Andrei"]
[Result "1/2-1/2"]
[WhiteElo "2282"]
[BlackElo "2234"]
[PlyCount "97"]
[EventDate "2022.07.23"]
[EventType "tourn"]
[EventRounds "9"]
[EventCountry "FRA"]
[EventCategory "5"]
[SourceTitle "CBM 209 Extra"]
[Source "ChessBase"]
[SourceDate "2022.09.30"]
[SourceVersion "1"]
[SourceVersionDate "2022.09.30"]
[SourceQuality "1"]

1. d4 d5 2. c4 c6 3. Nf3 Nf6 4. Nc3 a6 5. Qc2 g6 6. Bg5 Bg7 7. Bxf6 Bxf6 8. cxd5 cxd5 9. Nxd5 Nc6 10. Nxf6+ exf6 11. e3 Bf5 12. Qd2 Rc8 13. Be2 Ne7 14. Bd1 h5 15. 0-0 h4 16. Ne1 h3 17. g3 Be4 18. f3 Bc6 19. Be2 Qd6 20. e4 Rd8 21. Rd1 f5 22. d5 fxe4 23. fxe4 0-0 24. Qf4 Ba4 25. b3 Bb5 26. Qxd6 Rxd6 27. Bxb5 axb5 28. Nc2 f5 29. exf5 Rxf5 30. Rxf5 gxf5 31. Nb4 Kf7 32. Kf2 Kf6 33. Ke3 Ke5 34. Nd3+ Kxd5 35. Nf4+ Ke5 36. Rxd6 Kxd6 37. Nxh3 Nd5+ 38. Kd4 Nb4 39. Nf4 Nxa2 40. Nd3 b4 41. Kc4 Nc3 42. Kxb4 Nd5+ 43. Kb5 Ne3 44. Kb6 Nf1 45. Kxb7 Nxh2 46. b4 Nf1 47. b5 Nxg3 48. b6 Ne4 49. Ka7 1/2-1/2

[Event "Juvisy sur Orge 3rd"]
[Site "Juvisy sur Orge"]
[Date "2019.07.07"]
[Round "9"]
[White "Delorme, Alban"]
[Black "Lazo, Andrei"]
[Result "0-1"]
[WhiteElo "2327"]
[BlackElo "2279"]
[PlyCount "68"]
[EventDate "2019.06.29"]
[EventType "tourn"]
[EventRounds "9"]
[EventCountry "FRA"]
[EventCategory "3"]
[SourceTitle "EXT 2020"]
[Source "ChessBase"]
[SourceDate "2019.10.17"]
[SourceVersion "1"]
[SourceVersionDate "2019.10.17"]
[SourceQuality "1"]

1. e4 e6 2. d4 d5 3. Nc3 Nf6 4. Bg5 dxe4 5. Nxe4 Be7 6. Bxf6 gxf6 7. Nf3 f5 8. Nc3 a6 9. Qd2 b5 10. 0-0-0 Bb7 11. Kb1 Qd6 12. Qh6 Nd7 13. Bd3 b4 14. Na4 0-0-0 15. Rhe1 Rdg8 16. Nc5 Nxc5 17. dxc5 Qxc5 18. Ne5 Bd6 19. Nxf7 Rg6 20. Qh5 Rhg8 21. Qxh7 R8g7 22. Qh5 Kb8 23. Nd8 Bd5 24. Bxa6 Be7 25. Rxd5 exd5 26. Ne6 Qxf2 27. Qd1 Rh7 28. Bb5 Rxg2 29. Nd4 Qd2 30. Qxd2 Rxd2 31. c3 Rhxh2 32. Rg1 Rxb2+ 33. Kc1 bxc3 34. a4 Bg5+ 0-1

[Event "Toamna"]
[Site "Balti"]
[Date "2007.11.12"]
[Round "10"]
[White "Lazo, Andrei"]
[Black "Banuh, Valerii"]
[Result "1-0"]
[WhiteElo "2156"]
[BlackElo "2076"]
[PlyCount "57"]
[EventDate "2007.11.03"]
[EventType "tourn"]
[EventRounds "11"]
[EventCountry "MDA"]
[SourceTitle "EXT 2023"]
[Source "ChessBase"]
[SourceDate "2022.10.05"]
[SourceVersion "1"]
[SourceVersionDate "2022.10.05"]
[SourceQuality "1"]

1. d4 Nf6 2. c4 e6 3. Nf3 b6 4. g3 Bb7 5. Bg2 Be7 6. Nc3 0-0 7. 0-0 Ne4 8. Bd2 d5 9. Qc2 f5 10. Ne5 Nd7 11. Bf4 Bf6 12. Nxe4 fxe4 13. cxd5 exd5 14. Rac1 c5 15. Nxd7 Qxd7 16. dxc5 bxc5 17. Qxc5 Bxb2 18. Rb1 Bf6 19. Bh3 Qxh3 20. Rxb7 d4 21. Qd5+ Kh8 22. Qxe4 Rae8 23. Qd3 Re6 24. Rfb1 Be5 25. Bxe5 Rxe5 26. Qxd4 Rg5 27. Rb8 Rgf5 28. Qd6 Kg8 29. Qe6+ 1-0

[Event "Toamna"]
[Site "Balti"]
[Date "2007.11.03"]
[Round "1"]
[White "Lazo, Andrei"]
[Black "Brandusa, Petru"]
[Result "0-1"]
[WhiteElo "2156"]
[BlackElo "2070"]
[PlyCount "92"]
[EventDate "2007.11.03"]
[EventType "tourn"]
[EventRounds "11"]
[EventCountry "MDA"]
[SourceTitle "EXT 2023"]
[Source "ChessBase"]
[SourceDate "2022.10.05"]
[SourceVersion "1"]
[SourceVersionDate "2022.10.05"]
[SourceQuality "1"]

1. d4 f5 2. g3 Nf6 3. Bg2 g6 4. c3 Bg7 5. Qb3 Nc6 6. Nd2 e6 7. Nh3 b6 8. Nf4 d5 9. Nf3 0-0 10. 0-0 Ne4 11. Nd3 Qe7 12. Qc2 a5 13. a4 Re8 14. b3 Ba6 15. Bb2 Rac8 16. Nfe5 Nxe5 17. dxe5 c5 18. c4 Bb7 19. Rad1 Rcd8 20. Nf4 d4 21. Nd3 Ng5 22. h4 Bxg2 23. Kxg2 Qb7+ 24. Kh2 Nf7 25. f4 h6 26. Bc1 Rd7 27. Ne1 Nd8 28. Nf3 Nc6 29. Bd2 Red8 30. Be1 Bf8 31. g4 d3 32. Rxd3 Rxd3 33. exd3 fxg4 34. d4 Qf7 35. Nd2 Nxd4 36. Qb1 Qf5 37. Qxf5 gxf5 38. Kg2 Nc2 39. Kf2 Rd3 40. Ke2 Nxe1 41. Rxe1 Rh3 42. Rd1 Be7 43. h5 Kf7 44. Kf2 Rxh5 45. Nf1 Rh3 46. Ne3 Rf3+ 0-1

[Event "Centrocoop op"]
[Site "Eforie Nord"]
[Date "2000.??.??"]
[Round "?"]
[White "Buescu, Neculai"]
[Black "Lazo, Andrei"]
[Result "1-0"]
[WhiteElo "2230"]
[BlackElo "1750"]
[PlyCount "79"]
[EventDate "2000.??.??"]
[EventType "swiss"]
[EventRounds "9"]
[EventCountry "ROU"]
[SourceTitle "EXT 2004"]
[Source "ChessBase"]
[SourceDate "2003.11.25"]
[SourceVersion "1"]
[SourceVersionDate "2003.11.25"]
[SourceQuality "1"]

1. d4 d5 2. c4 e6 3. Nc3 Nf6 4. Bg5 Nbd7 5. Nf3 c6 6. e3 Qa5 7. Nd2 Bb4 8. Qc2 dxc4 9. Bxf6 Nxf6 10. Nxc4 Qd5 11. a3 Bxc3+ 12. Qxc3 0-0 13. 0-0-0 b5 14. Na5 Bd7 15. f3 Rfc8 16. e4 Qg5+ 17. Qd2 Qxd2+ 18. Rxd2 Rab8 19. b4 Re8 20. Be2 Rbc8 21. Kb2 Rc7 22. Rc1 Rec8 23. Rdc2 Ne8 24. e5 Kf8 25. f4 g6 26. Bf3 Ng7 27. g4 h5 28. h3 hxg4 29. hxg4 Rd8 30. Bxc6 Bxc6 31. Rxc6 Rcd7 32. Nb3 Ne8 33. R1c5 Rxd4 34. Nxd4 Rxd4 35. Rxb5 Rxf4 36. Rc8 Re4 37. Rbb8 Rxe5 38. Rxe8+ Kg7 39. Re7 Re2+ 40. Kb3 1-0